000 01719cam a22004577a 4500
001 000093807
003 CHAP
005 20220329142953.0
008 050517d2005 mx r 00110 spa d
010 _a90273
011 _a91245
035 _a101803
040 _cCHAP
090 _aTesis
100 0 0 _aRomán Romero, Elías.
_999756
245 1 0 _aComportamiento productivo y reproductivo de vacas holstein suplementadas con levaduras mineralizadas /
_c/por Elías Román Romero y Alejandro Sebastián Hernández.
260 _aChapingo, Méx. :
_bEl autor,
_c2005.
300 _a75 h. :
_bgráfs.; cuadros.
502 _aTesis (Ing. Agr. Esp. en Zootecnia) -- UACH. Departamento de Zootecnia
590 _aALEPH
_b10
_c20130110
_lUCH01
_h1505
590 _aBATCH-UPD
_b10
_c20130110
_lUCH01
_h0834
590 _aBATCH-UPD
_b10
_c20130410
_lUCH01
_h0512
590 _aBATCH-UPD
_b10
_c20130914
_lUCH01
_h1512
590 _aBATCH-UPD
_b10
_c20140324
_lUCH01
_h1450
590 _aBATCH-UPD
_b10
_c20141002
_lUCH01
_h0826
590 _aCONVERSION
_b10
_c20130109
_lUCH01
_h1350
590 _aE5765TAJ
_b10
_c20130619
_lUCH01
_h1239
590 _aE5765TAJ
_b10
_c20130703
_lUCH01
_h0928
650 1 4 _aGanado Holstein.
_945133
650 1 4 _aGanado vacuno
_xReproducción.
_945510
650 1 4 _aLeche
_xProducción.
_965400
650 1 4 _aLevaduras en alimentación animal.
_966404
700 0 0 _aSebastián Hernández, Alejandro.
_9103470
856 _3Finding aid
_uhttp://10.13.5.2/tesis/101803.pdf
_zTeclea aquí
901 _aBK
905 _aElisama A. H.
942 _cCD
942 _n0
949 _aTesis
_bBC
_cTES
_d101803
_eTS1
_h43689
_i101803
_sb
949 _aTesis
_bBC
_cTES
_d33724000945218
_eTS2
_fc.2
_h43690
_i101803
_sb
999 _c90273
_d90273